000 00819cam a22002897a 4500
003 CHAP
005 20220329134506.0
008 971013s1966 r 00010 d
010 _a21127
011 _a22099
035 _a26192
040 _cCHAP
082 _a634.9
_bB6
100 0 0 _aBoom, B. K.
_913778
245 1 4 _aThe glory of the tree
260 _aGarden, N. Y. :
_bDovbleday,
_c1966
300 _a128 p.
_b; láms. : ilus.
590 _aBATCH-UPD
_b10
_c20130110
_lUCH01
_h1402
590 _aBATCH-UPD
_b10
_c20130410
_lUCH01
_h0852
590 _aBATCH-UPD
_b10
_c20130914
_lUCH01
_h1846
590 _aCONVERSION
_b10
_c20130109
_lUCH01
_h1313
650 1 4 _aÁrboles.
_982433
700 0 _aKleijn, H.
_963424
901 _aBK
942 _cLIBRO
949 _a634.9 B6
_bBC
_cMUT
_d-60524
_eMUT
_h65130
_i26192
_mD
_si
999 _c21127
_d21127